000 nam a22 7a 4500
999 _c9429
_d9429
008 180129b ||||| |||| 00| 0 eng d
100 _aColeman B
_95645
245 _aBasketball
260 _aKolkata
_c2007